| 000 | 00848 a2200289 4500 | ||
|---|---|---|---|
| 003 | Nust | ||
| 005 | 20170207154102.0 | ||
| 020 | _a0-333-37072-4 (inb.) | ||
| 020 | _a0-333-37083-X (hft.) | ||
| 040 | _cNust | ||
| 082 | _a004.603 | ||
| 082 | _a004.603 | ||
| 082 | _a004.603 | ||
| 100 | 1 | _aSippl, Charles J. | |
| 245 | 0 | 0 |
_aMacMillan dictionary of data communications / _cCharles J. Sippl |
| 250 | _a2. ed. | ||
| 260 |
_aLondon : _bMacmillan, _ccop. 1985 |
||
| 300 | _a532 s. | ||
| 538 | _aAlmirah No.13-B and Shelf No.1 | ||
| 650 | 7 | _adata processing | |
| 650 | 7 | _aDatakommunikation (uppslagsbok) | |
| 650 | 7 | _aDatakommunikation (uppslagsbok) | |
| 650 | 7 | _aDatatransmissionsteori: teleteknik | |
| 650 | 7 |
_aElectronic data processing _xDictionaries |
|
| 740 | 0 | _aData communications dictionary | |
| 740 | 0 | _aDictionary of data communications | |
| 942 | _cREF | ||
| 999 |
_c193628 _d193628 |
||